ECONOMICS: (Record no. 3544)
[ view plain ]
| 000 -LEADER | |
|---|---|
| fixed length control field | 00355nam a22001217a 4500 |
| 008 - FIXED-LENGTH DATA ELEMENTS--GENERAL INFORMATION | |
| fixed length control field | 151013b xxu||||| |||| 00| 0 eng d |
| 020 ## - INTERNATIONAL STANDARD BOOK NUMBER | |
| International Standard Book Number | 0155188410. |
| 082 ## - | |
| Classification number | 330 BAU |
| 100 ## - MAIN ENTRY--PERSONAL NAME | |
| Personal name | BAUMOL WILLIAM J. |
| Titles and other words associated with a name | BLINDER ALAN S. |
| 245 ## - TITLE STATEMENT | |
| Title | ECONOMICS: |
| Remainder of title | PRINCIPLES AND POLICY |
| 250 ## - EDITION STATEMENT | |
| Edition statement | 3rd ED. |
| 260 ## - PUBLICATION, DISTRIBUTION, ETC. (IMPRINT) | |
| Place of publication, distribution, etc. | NEW YORK: |
| Name of publisher, distributor, etc. | HARCOURT BRACE JOVANOVICH,PUBLISHERS, |
| Date of publication, distribution, etc. | 1985. |
| Withdrawn status | Lost status | Source of classification or shelving scheme | Damaged status | Koha normalized classification for sorting | Not for loan | Home library | Current library | Shelving location | Date acquired | Total Checkouts | Full call number | Barcode | Date last seen | Price effective from | Koha item type |
|---|---|---|---|---|---|---|---|---|---|---|---|---|---|---|---|
| Dewey Decimal Classification | 330_000000000000000_BAU | Dodoma | Dodoma | Reference | 13/10/2015 | 330 BAU | 000000011726 | 29/07/2019 | 13/10/2015 | BOOKS RESERVE |
